01351nas a2200241Ia 4500001001100000003001000011008004100021040002500062041001300087100002300100210001300123222001300136245010000149250001100249260003500260300001100295310001600306362003500322500030700357501011400664520030700778650002401085R230-R2053IT-CnALBA170116c99999999xx |||||||||||| ||und|| aIT-CnALBAcIT-CnALBA aITALIANO aBONORA DON ANTONIO aTEOLOGIA aTEOLOGIA 0aTEOLOGIA. RIVISTA DELLA FACOLTÀ TEOLOGICA DELL'ITALIA SETTENTRIONALE. N. III. ANNO XV. 1990.  a1a ed. aMILANObGLOSSA EDIZIONI c1990 a96 p.  aTRIMESTRALE aFascicolo: 3 / Anno: 15 (1990) aSEVESO B. ANGELINI G. COLOMBO G. CHILDS S. BREVARD. ESEGESI BIBLICA. TEOLOGIA MEDIOEVALE DEI CARISMI. PASTORALE E TEOLOGIA PASTORALE. COSCIENZA NEL PENSIERO DI J. H. NEWMAN. PECCATO ORIGINALE, TESI. SOLIDARIETÀ DEGLI UOMINI IN CRISTO E IN ADAMO. TEOLOGIA DELL'ANTICO TESTAMENTO IN CONTESTO CANONICO.  aSocietà San Paolo EM - Piazza San Paolo, 14 - 12051 ALBA (CN) (non commercial uses only) ® Copyright 2017 aSEVESO B. ANGELINI G. COLOMBO G. CHILDS S. BREVARD. ESEGESI BIBLICA. TEOLOGIA MEDIOEVALE DEI CARISMI. PASTORALE E TEOLOGIA PASTORALE. COSCIENZA NEL PENSIERO DI J. H. NEWMAN. PECCATO ORIGINALE, TESI. SOLIDARIETÀ DEGLI UOMINI IN CRISTO E IN ADAMO. TEOLOGIA DELL'ANTICO TESTAMENTO IN CONTESTO CANONICO.  aDOGMATICA CRISTIANA